000
00254nam a2200097Ia 4500
001
698715
005
20250826162056.0
008
250824s9999 xx 000 0 und d
245
0
_a
MİNKA ABLA (ANTİK)
_c
PANAIT ISTRATI
260
_b
ANTİK DÜNYA KLASİKLERİ
999
_c
698715
_d
698715